| 000 | 00349pab a2200145 454500 | ||
|---|---|---|---|
| 008 | 180718b2010 xxu||||| |||| 00| 0 eng d | ||
| 245 | _aCitizens United V. FEC: Corporate political speech | ||
| 260 | _c2010 | ||
| 300 | _ap.75-82. | ||
| 362 | _aNov | ||
| 650 | _aFreedom of speech | ||
| 773 | _aHarvard Law Review | ||
| 908 | _aN | ||
| 909 | _a92904 | ||
| 999 |
_c92904 _d92904 |
||